[Event "GER-chB Seniors 26th"]
[Site "Bad Neuenahr"]
[Date "2014.08.11"]
[Round "7"]
[White "Komeinda, Josef"]
[Black "Schweighard, Hubert"]
[Result "1-0"]
[WhiteElo "1681"]
[BlackElo "1485"]
[PlyCount "93"]
[EventDate "2014.08.05"]
[EventType "swiss"]
[EventRounds "9"]
[EventCountry "GER"]
[SourceTitle "EXT 2018"]
[Source "ChessBase"]
[SourceDate "2017.10.13"]
[SourceVersion "1"]
[SourceVersionDate "2017.10.13"]
[SourceQuality "1"]

1. e4 c5 2. Nf3 Nc6 3. Be2 Nf6 4. d3 h6 5. c3 e5 6. Nbd2 d6 7. Nc4 Be7 8. h3 0-0 9. Ne3 d5 10. exd5 Nxd5 11. Nxd5 Qxd5 12. c4 Qd7 13. Be3 b6 14. a3 Bb7 15. Qc2 Qf5 16. g4 Qe6 17. Rg1 Nd4 18. Bxd4 cxd4 19. 0-0-0 Bxf3 20. Bxf3 Rab8 21. Bd5 Qd6 22. Qe2 b5 23. Rde1 Bf6 24. Qe4 bxc4 25. Bxc4 Qb6 26. Re2 Qd6 27. Kd1 Rb6 28. Rc2 Rfb8 29. b4 Bg5 30. Ke2 Re8 31. Rf1 Qd7 32. Bb3 Kh8 33. Qd5 Qxd5 34. Bxd5 Kg8 35. Rc5 Re7 36. Rc8+ Kh7 37. Rf8 f6 38. Rb1 Ra6 39. Ra1 Rc7 40. Bg8+ Kg6 41. Bc4 Ra4 42. Bb3 Ra6 43. b5 Rb6 44. a4 Rc3 45. Bd5 Rc7 46. Be4+ f5 47. Bxf5# 1-0

[Event "Bayern-ch Seniors 24nd"]
[Site "Bergen"]
[Date "2012.06.24"]
[Round "9"]
[White "Purwin, Heinz"]
[Black "Schweighard, Hubert"]
[Result "1-0"]
[WhiteElo "1504"]
[BlackElo "1241"]
[PlyCount "81"]
[EventDate "2012.06.16"]
[EventType "swiss"]
[EventRounds "9"]
[EventCountry "GER"]
[SourceTitle "EXT 2015"]
[Source "ChessBase"]
[SourceDate "2014.11.20"]
[SourceVersion "1"]
[SourceVersionDate "2014.11.20"]
[SourceQuality "1"]

1. e4 c5 2. Nf3 Nc6 3. d4 cxd4 4. Nxd4 Nf6 5. Nxc6 bxc6 6. Nc3 e5 7. a3 Bb7 8. Be2 d5 9. exd5 cxd5 10. 0-0 a6 11. Na2 Bc5 12. b4 Bb6 13. Bd2 0-0 14. c4 Qd7 15. c5 Bc7 16. f3 Rad8 17. a4 Qe6 18. b5 axb5 19. axb5 d4 20. Bd3 e4 21. fxe4 Nxe4 22. c6 Nxd2 23. Qxd2 Ba8 24. Nb4 Bb6 25. Rfe1 Qd6 26. Na6 Bc7 27. g3 f6 28. Qc2 f5 29. Qb3+ Kh8 30. Re6 Qd5 31. Qxd5 Rxd5 32. Nxc7 Rdd8 33. b6 g6 34. b7 Bxb7 35. cxb7 Rb8 36. Ra8 Kg7 37. Rxb8 Rxb8 38. Rb6 Kf7 39. Na6 Re8 40. b8Q Rxb8 41. Rxb8 1-0

[Event "Nittenau-ch 09th"]
[Site "Nittenau"]
[Date "2009.09.20"]
[Round "5"]
[White "Schweighard, Hubert"]
[Black "Berger, Siegfried"]
[Result "0-1"]
[WhiteElo "1092"]
[BlackElo "1146"]
[PlyCount "124"]
[EventDate "2009.09.18"]
[EventType "swiss"]
[EventRounds "5"]
[EventCountry "GER"]
[SourceTitle "EXT 2022"]
[Source "ChessBase"]
[SourceDate "2021.10.06"]
[SourceVersion "1"]
[SourceVersionDate "2021.10.06"]
[SourceQuality "1"]

1. d4 g6 2. Bf4 Nf6 3. Nf3 Bg7 4. e3 d5 5. c4 c6 6. Nc3 0-0 7. Be5 Nbd7 8. cxd5 Nxd5 9. Bxg7 Kxg7 10. Bd3 f5 11. h4 N7f6 12. Ng5 h6 13. Nh3 Qd6 14. Ng1 e5 15. Qe2 exd4 16. Nxd5 Qxd5 17. Nf3 dxe3 18. fxe3 Re8 19. Bc4 Qe4 20. Kd2 Ng4 21. Bd3 Qxe3+ 22. Qxe3 Nxe3 23. Rae1 f4 24. g3 Bg4 25. Nh2 Bf5 26. gxf4 Bxd3 27. Rxe3 Bf5 28. Rxe8 Rxe8 29. Re1 Rd8+ 30. Ke3 Rd3+ 31. Ke2 Rh3 32. Nf1 Rxh4 33. Kf3 Kf6 34. Re8 Rh1 35. Nd2 Rd1 36. Nc4 h5 37. Na5 Bg4+ 38. Kg3 Rd3+ 39. Kf2 Rd2+ 40. Ke1 Rxb2 41. Rb8 h4 42. Rxb7 Rxb7 43. Nxb7 Kf5 44. Nc5 Kxf4 45. Nd3+ Kf3 46. Ne5+ Kg3 47. Kf1 g5 48. Kg1 c5 49. Nd3 c4 50. Nf2 c3 51. Ne4+ Kf4 52. Nxc3 Bf3 53. Kf2 g4 54. Ne2+ Bxe2 55. Kxe2 h3 56. Kf1 g3 57. Kg1 Kf3 58. a4 h2+ 59. Kh1 Kf2 60. a5 g2+ 61. Kxh2 g1Q+ 62. Kh3 Qg3# 0-1